| 000 | 01278nam0a22002891 4500 | ||
|---|---|---|---|
| 001 | rc\2201853 | ||
| 005 | 20110829165150.5 | ||
| 035 | _a(NLR Aleph) 006511126 | ||
| 090 |
_a6331484 _c6331484 |
||
| 100 | _a20110829d1978 |||y0rusy50 ca | ||
| 101 | 0 | _arus | |
| 102 | _aRU | ||
| 105 | _ay z ||||| | ||
| 200 | 1 | _aКапитальное строительство республики в десятой пятилетке | |
| 210 |
_aМахачкала _cДаг. кн. изд-во _d1978 |
||
| 215 |
_a39 с. _d16 |
||
| 300 | _aВ надзаг.: Даг. орг. о-ва "Знание" РСФСР | ||
| 300 | _aНа обертке загл. сер.: Б-чка в помощь лекторам, докладчикам, пропагандистам, агитаторам и политинформаторам. [3] | ||
| 309 | _aВложена с 5-ю др. кн. в обертку с загл.: Решения XXV съезда КПСС - в жизнь! | ||
| 517 | 0 | _aРешения XXV съезда КПСС - в жизнь! | |
| 606 |
_aКапитальное строительство _yДагАССР _2psbo |
||
| 700 | 1 |
_aОрусханов _bА. Г. |
|
| 801 | 0 |
_aRU _bNLR _gpsbo |
|
| 801 | 1 |
_aRU _bELAR _2rusmarc |
|
| 852 |
_aNLR _j78-2/1728-3 |
||
| 942 | _cBOOK | ||
| 980 | _aNB | ||